000 00352 a2200157 4500
001 75310
020 _a
040 _cAnchieta - Colégio São Paulo
100 _aKubitschek, Juscelino
240 1 0 _aPor que construir Brasília
_lpor
245 1 0 _aPor que construir Brasília
300 _a370
362 0 _a1975
650 4 _aBrasil
942 _cBK
999 _c75310
_d75310